Kraje według ludność z podpowiedzią - Statystyki

Ogólne statystyki
  • Ten quiz został rozwiązany 17 razy
  • Średni wynik to 110 z 196
Odpowiedzi na mapie
Odpowiedzi zakodowano w zielono-czerwonej skali na mapie do tego quizu, zgodnie z poniższymi procentami.
 
Statystyki odpowiedzi
Liczebność Kraj Pierwsza
litera
następnego
kraju
% Poprawnych
38 346 720 Afganistan K
100%
44 178 884 Algieria U
100%
34 795 287 Angola M
100%
35 354 380 Arabia Saudyjska A
100%
46 245 668 Argentyna U
100%
26 141 369 Australia K
100%
165 650 475 Bangladesz R
100%
217 240 060 Brazylia B
100%
21 935 389 Burkina Faso S
100%
1 410 539 758 Chiny S
100%
108 407 721 Demokratyczna Republika Konga E
100%
107 770 524 Egipt W
100%
113 656 596 Etiopia D
100%
114 957 229 Filipiny E
100%
68 305 148 Francja W
100%
33 107 275 Ghana P
100%
47 163 418 Hiszpania A
100%
1 411 415 000 Indie C
100%
277 329 163 Indonezja P
100%
40 462 701 Irak A
100%
86 758 304 Iran N
100%
124 214 766 Japonia F
100%
30 984 689 Jemen N
100%
29 321 637 Kamerun W
100%
38 232 593 Kanada P
100%
55 864 655 Kenia K
100%
49 059 221 Kolumbia S
100%
25 955 138 Korea Północna N
100%
51 844 834 Korea Południowa K
100%
28 172 462 Madagaskar A
100%
33 871 431 Malezja G
100%
37 458 000 Maroko A
100%
129 150 971 Meksyk J
100%
57 526 449 Mjanma R
100%
31 693 239 Mozambik U
100%
30 666 598 Nepal W
100%
84 316 622 Niemcy T
100%
24 484 587 Niger T
100%
225 082 083 Nigeria B
100%
242 923 845 Pakistan N
100%
32 275 736 Peru M
100%
38 014 000 Polska M
100%
57 516 665 Republika Południowej Afryki K
100%
142 021 981 Rosja M
100%
23 187 516 Sri Lanka B
100%
337 341 954 Stany Zjednoczone I
100%
47 958 856 Sudan H
100%
69 648 117 Tajlandia F
100%
23 580 712 Tajwan S
100%
63 852 892 Tanzania W
100%
83 047 706 Turcja T
100%
46 205 893 Uganda A
100%
43 528 136 Ukraina I
100%
31 104 937 Uzbekistan J
100%
29 789 730 Wenezuela K
100%
67 791 400 Wielka Brytania T
100%
103 808 319 Wietnam I
100%
61 095 551 Włochy M
100%
28 713 423 Wybrzeże Kości Słoniowej M
100%
355 608 Bahamy V
67%
302 674 Barbados W
67%
412 387 Belize M
67%
867 775 Bhutan G
67%
478 054 Brunei M
67%
604 966 Czarnogóra R
67%
943 737 Fidżi K
67%
789 683 Gujana W
67%
357 603 Islandia B
67%
876 437 Komory B
67%
390 164 Malediwy I
67%
464 186 Malta B
67%
596 707 Republika Zielonego Przylądka B
67%
632 638 Surinam C
67%
21 563 800 Syria M
67%
308 043 Vanuatu B
67%
702 694 Wyspy Salomona L
67%
3 095 344 Albania K
33%
85 560 Andora W
33%
100 335 Antigua i Barbuda S
33%
3 000 756 Armenia J
33%
8 913 088 Austria S
33%
10 353 296 Azerbejdżan P
33%
1 540 558 Bahrajn T
33%
11 847 338 Belgia S
33%
13 754 688 Benin G
33%
9 413 505 Białoruś T
33%
12 054 379 Boliwia T
33%
3 816 459 Bośnia i Hercegowina O
33%
2 384 246 Botswana G
33%
6 873 253 Bułgaria S
33%
12 696 478 Burundi S
33%
18 430 408 Chile C
33%
4 188 853 Chorwacja M
33%
1 295 102 Cypr E
33%
17 963 211 Czad S
33%
10 705 384 Czechy D
33%
5 920 767 Dania T
33%
74 629 Dominika S
33%
10 694 700 Dominikana G
33%
957 273 Dżibuti F
33%
17 289 554 Ekwador K
33%
6 209 262 Erytrea K
33%
1 211 524 Estonia E
33%
1 121 761 Eswatini D
33%
5 601 547 Finlandia N
33%
2 340 613 Gabon L
33%
2 413 403 Gambia B
33%
10 533 871 Grecja S
33%
113 949 Grenada T
33%
4 935 518 Gruzja P
33%
17 703 190 Gwatemala H
33%
13 237 832 Gwinea R
33%
2 026 778 Gwinea Bissau K
33%
1 679 172 Gwinea Równikowa B
33%
11 334 637 Haiti K
33%
17 400 824 Holandia E
33%
9 459 440 Honduras B
33%
5 275 004 Irlandia K
33%
8 914 885 Izrael A
33%
2 818 596 Jamajka N
33%
10 998 531 Jordania C
33%
16 713 015 Kambodża Z
33%
2 508 182 Katar G
33%
19 398 331 Kazachstan R
33%
6 071 750 Kirgistan S
33%
114 189 Kiribati G
33%
5 546 307 Kongo R
33%
1 952 701 Kosowo Ł
33%
5 204 411 Kostaryka N
33%
11 008 112 Kuba J
33%
3 068 155 Kuwejt A
33%
7 749 595 Laos P
33%
2 193 970 Lesotho M
33%
5 296 814 Liban I
33%
5 358 483 Liberia L
33%
7 137 931 Libia B
33%
39 711 Liechtenstein S
33%
2 683 546 Litwa K
33%
1 842 226 Łotwa G
33%
650 364 Luksemburg S
33%
2 130 936 Macedonia S
33%
20 794 353 Malawi M
33%
20 741 769 Mali Z
33%
4 161 925 Mauretania B
33%
1 308 222 Mauritius C
33%
101 009 Mikronezja S
33%
3 287 326 Mołdawia M
33%
31 400 Monako P
33%
3 227 863 Mongolia A
33%
2 727 409 Namibia L
33%
9811 Nauru W
33%
6 301 880 Nikaragua E
33%
5 553 840 Norwegia K
33%
5 053 004 Nowa Zelandia G
33%
3 764 348 Oman U
33%
21 695 Palau T
33%
4 337 768 Panama C
33%
9 593 498 Papua-Nowa Gwinea H
33%
7 356 409 Paragwaj L
33%
10 242 081 Portugalia Z
33%
5 454 533 Republika Środkowoafrykańska S
33%
18 519 899 Rumunia C
33%
13 173 730 Rwanda B
33%
54 488 Saint Kitts i Nevis L
33%
167 122 Saint Lucia K
33%
100 969 Saint Vincent i Grenadyny A
33%
6 568 745 Salwador N
33%
206 179 Samoa S
33%
34 682 San Marino M
33%
17 923 036 Senegal G
33%
6 739 471 Serbia S
33%
97 017 Seszele A
33%
8 692 606 Sierra Leone S
33%
5 921 231 Singapur D
33%
5 431 252 Słowacja L
33%
2 101 208 Słowenia G
33%
12 386 248 Somalia B
33%
11 544 905 Sudan Południowy H
33%
8 508 698 Szwajcaria T
33%
10 483 647 Szwecja A
33%
9 119 347 Tadżykistan I
33%
1 445 006 Timor Wschodni T
33%
8 492 333 Togo L
33%
105 517 Tonga M
33%
1 405 646 Trynidad i Tobago M
33%
11 896 972 Tunezja B
33%
5 636 011 Turkmenistan F
33%
11 544 Tuvalu N
33%
3 407 213 Urugwaj M
33%
1000 Watykan
33%
9 699 577 Węgry P
33%
79 906 Wyspy Marshalla D
33%
217 164 Wyspy Świętego Tomasza i Książęca S
33%
19 642 123 Zambia K
33%
15 121 004 Zimbabwe B
33%
9 915 803 Zjednoczone Emiraty Arabskie W
33%
Nie znaleziono quizów pasujących do podanych kryteriów
Rozkład punktacji
Procent ludzi z każdym wynikiem
Percentyl według liczby udzielonych odpowiedzi
Twoja historia wyników
Nie rozwiązałeś tego quizu